| 000 | 00954nam a2200313 a 4500 | ||
|---|---|---|---|
| 999 |
_c331803 _d331803 |
||
| 003 | BLK | ||
| 005 | 20250319154455.0 | ||
| 008 | 190620b bu ||||| |||| 00| | bu d | ||
| 020 | _a9786191514663 | ||
| 040 | _aBLK | ||
| 041 |
_aBUL _cBUL |
||
| 080 |
_aИздания за деца и юноши. Книжки-картинки. Читанки. Вж и 372.4 _b087.5 _z087.5 |
||
| 100 |
_9342542 _aДонева, Гергана _eил. |
||
| 245 | _aБългарски обичаи : научи и оцвети | ||
| 260 |
_9209582 _aСофия _bСофтПрес _c2018 |
||
| 300 |
_a30 с. _c29 см |
||
| 380 | _aDN | ||
| 700 |
_9599 _aДонев, Радослав _eил. |
||
| 852 |
_aЦб ІІ 28583 _bЦб |
||
| 942 |
_cKNG _n0 _s1 _03 |
||
| 999 | _d331803 | ||
| 999 | _d331803 | ||
| 999 | _d331803 | ||
| 999 | _d331803 | ||
| 999 | _d331803 | ||
| 999 | _d331803 | ||
| 999 | _d331803 | ||
| 944 |
_k30564 _lАнна Гръцманова |
||